[Event "AUTO-OPEN-263"]
[Site "http://www.queenalice.com/game.php?id=99493"]
[Date "2006.8.25"]
[Round "2"]
[White "Morbid"]
[Black "DaniEu10"]
[Result "0-1"]
[WhiteElo "1610"]
[BlackElo "1604"]

1. g4 e5 2. Bh3 d5 3. c3 Nf6 4. Qa4+ Nc6 5. g5 Nh5 6. Nf3 Bxh3 7. Qh4 Nf4 8. Rg1
Ng2+ 9. Rxg2 Bxg2 10. Qg3 Bxf3 11. exf3 Bc5 12. d3 g6 13. b4 Bxb4 14. cxb4 Nxb4
15. Qxe5+ Kd7 16. Qc3 Re8+ 17. Be3 Qxg5 18. Qxb4 Rxe3+ 19. fxe3 Qxe3+ 20. Kd1
Qxd3+ 21. Kc1 Qf1+ 22. Kc2 b6 23. Qa4+ c6 24. Qg4+ f5 25. Qd4 Qe2+ 26. Nd2 Qxh2
27. Qg7+ Kd6 28. Qb7 Re8 29. Rd1 h5 30. Qf7 Re6 31. Qxa7 Qf2 32. Qb8+ Kc5 33.
Qf8+ Kd4 34. Qb4+ Ke5 35. Rf1 Qc5+ 36. Qc3+ Qxc3+ 37. Kxc3 d4+ 38. Kd3 c5 39.
f4+ Kd5 40. Nf3 c4+ 41. Kc2 d3+ 42. Kc3 Re3 43. Kb4 Ke4 44. Kxc4 Rxf3 45. Rg1
Rxf4 46. Rxg6 Ke3+ 47. Kb5 d2 0-1

[Event "AUTO-OPEN-263"]
[Site "http://www.queenalice.com/game.php?id=99494"]
[Date "2006.8.25"]
[Round "2"]
[White "DaniEu10"]
[Black "McKnights"]
[Result "0-1"]
[WhiteElo "1610"]
[BlackElo "1861"]

1. e4 d5 2. exd5 Nf6 3. Nf3 Qxd5 4. Nc3 Qe6+ 5. Be2 Nc6 6. d4 Nd5 7. Nxd5 Qxd5
8. O-O Bg4 9. c3 O-O-O 10. h3 Bh5 11. c4 Qd7 12. d5 Nb8 13. Qd4 Bxf3 14. Bxf3 e6
15. Qxa7 exd5 16. cxd5 Bd6 17. Bg5 f6 18. Be3 Qb5 19. a4 Qa6 20. Bg4+ Nd7 21.
Qd4 Be5 22. Qe4 g6 23. Bf3 Rhe8 24. b4 Bh2+ 0-1

[Event "AUTO-OPEN-263"]
[Site "http://www.queenalice.com/game.php?id=99495"]
[Date "2006.8.25"]
[Round "2"]
[White "McKnights"]
[Black "DaniEu10"]
[Result "1-0"]
[WhiteElo "1920"]
[BlackElo "1626"]

1. e4 e5 2. Nf3 Nc6 3. Nc3 Bb4 4. d4 Bxc3+ 5. bxc3 d6 6. dxe5 Bg4 7. exd6 cxd6
8. Bf4 Qa5 9. Be2 Bxf3 10. Bxf3 Qxc3+ 11. Bd2 Qb2 12. Rb1 Qxa2 13. Rxb7 Nd4 14.
O-O Nf6 15. Bc3 Qc4 16. Bxd4 O-O 17. Bxf6 gxf6 18. Qxd6 Rad8 19. Qxf6 Qxc2 20.
Bh5 Qb3 21. Rxb3 1-0

[Event "AUTO-INT-94"]
[Site "http://www.queenalice.com/game.php?id=101074"]
[Date "2006.8.31"]
[Round "2"]
[White "DaniEu10"]
[Black "ekup"]
[Result "0-1"]
[WhiteElo "1622"]
[BlackElo "1786"]

1. e4 c5 2. Bc4 Nc6 3. c3 d6 4. d4 cxd4 5. cxd4 e6 6. Qf3 h6 7. d5 Ne5 8. Qb3
Nxc4 9. Qxc4 Bd7 10. Nf3 exd5 11. Qxd5 Bc6 12. Qd4 Nf6 13. O-O Be7 14. Rd1 O-O
15. Nc3 Qc7 16. e5 dxe5 17. Nxe5 Rad8 18. Qe3 Rxd1+ 19. Nxd1 Nd5 20. Qd4 Bf6 21.
f4 Rd8 22. Qc5 Bxe5 23. fxe5 Qxe5 24. Ne3 Qe4 25. Nxd5 Qe1# 0-1

[Event "AUTO-INT-94"]
[Site "http://www.queenalice.com/game.php?id=101075"]
[Date "2006.8.31"]
[Round "2"]
[White "ekup"]
[Black "DaniEu10"]
[Result "1-0"]
[WhiteElo "1797"]
[BlackElo "1613"]

1. e4 e5 2. Bc4 Bc5 3. Nf3 d6 4. h3 h6 5. a3 Nf6 6. d3 O-O 7. Nc3 Nc6 8. Be3
Bxe3 9. fxe3 a6 10. Qe2 b5 11. Ba2 b4 12. Nd5 a5 13. O-O Ne7 14. Nxf6+ Kh8 15.
Nh5 c6 16. Qe1 Qb6 17. Kh1 Ng6 18. Qg3 Qxe3 19. Rae1 Qb6 20. Nh4 Be6 21. Nxg6+
fxg6 22. Qxg6 Rxf1+ 23. Rxf1 Qc7 24. Bxe6 Qe7 25. h4 Qxh4+ 26. Bh3 Ra7 27. Rf8#
1-0

[Event "AUTO-INT-94"]
[Site "http://www.queenalice.com/game.php?id=101076"]
[Date "2006.8.31"]
[Round "2"]
[White "DaniEu10"]
[Black "kame_84"]
[Result "0-1"]
[WhiteElo "1612"]
[BlackElo "1630"]

1. e4 e6 2. d4 d5 3. Nc3 c5 4. Be2 Nc6 5. Bf4 Nxd4 6. Nb5 Nxb5 7. Bxb5+ Bd7 8.
Qe2 Qa5+ 9. Bd2 Qxb5 10. Qf3 Qxb2 11. Rc1 Qxa2 12. Bc3 Qa3 13. Ne2 d4 14. Bd2
Qxf3 0-1

[Event "AUTO-INT-94"]
[Site "http://www.queenalice.com/game.php?id=101077"]
[Date "2006.8.31"]
[Round "2"]
[White "kame_84"]
[Black "DaniEu10"]
[Result "0-1"]
[WhiteElo "1604"]
[BlackElo "1585"]

1. e4 e5 2. Nf3 Nc6 3. Bb5 Nge7 4. d4 a6 5. Bxc6 Nxc6 6. O-O d6 7. d5 Nd4 8.
Nxd4 exd4 9. Qxd4 c5 10. Qc3 Be7 11. Qxg7 Bf6 12. Qg3 Be5 13. Qd3 Qh4 14. h3 c4
15. Qe3 Rg8 16. Qh6 Qxe4 17. f3 Qxc2 18. Qxh7 Qxg2# 0-1

[Event "Challenge"]
[Site "http://www.queenalice.com/game.php?id=110117"]
[Date "2006.9.26"]
[Round "-"]
[White "DaniEu10"]
[Black "kirkooo"]
[Result "1-0"]
[WhiteElo "1615"]
[BlackElo "1397"]

1. e4 c5 2. c3 Nc6 3. d4 d6 4. d5 Ne5 5. c4 Nf6 6. Bd3 Nxd3+ 7. Qxd3 e5 8. Nf3
Be7 9. Nc3 O-O 10. h3 a6 11. O-O Bd7 12. a4 b5 13. b3 b4 14. Nd1 Rb8 15. Bb2 a5
16. Nxe5 dxe5 17. Bxe5 Bd6 18. Bxd6 Re8 19. Bxb8 Qxb8 20. e5 Qxe5 21. Ne3 h6 22.
Rae1 Qd6 23. Nf5 Bxf5 24. Rxe8+ Nxe8 25. Qxf5 Qg6 26. Qc8 Kf8 27. Re1 1-0

[Event "AUTO-INT-376"]
[Site "http://www.queenalice.com/game.php?id=179959"]
[Date "2007.3.11"]
[Round "1"]
[White "shirya00007"]
[Black "DaniEu10"]
[Result "1-0"]
[WhiteElo "1866"]
[BlackElo "1696"]

1. e4 e5 2. Nf3 d6 3. Bc4 h6 4. Nc3 Nf6 5. O-O Bg4 6. h3 Bxf3 7. Qxf3 Nc6 8. d3
Nd4 9. Qd1 Be7 10. f4 O-O 11. Be3 c5 12. Nd5 b5 13. Nxf6+ Bxf6 14. Bd5 Rb8 15.
c3 Ne6 16. Bxe6 fxe6 17. Qg4 exf4 18. Bxf4 b4 19. Qxe6+ Rf7 20. Bxd6 Rb7 21. e5
Bg5 22. Rxf7 Rxf7 23. Rf1 Qd7 24. Qxf7+ Qxf7 25. Rxf7 Kxf7 26. cxb4 cxb4 27.
Bxb4 Ke6 28. Bc3 Bf4 29. d4 Kd5 30. Kf1 a5 31. Bxa5 Kxd4 32. e6 Bg5 33. Bb4 Kd3
34. e7 Bxe7 35. Bxe7 1-0

[Event "AUTO-INT-376"]
[Site "http://www.queenalice.com/game.php?id=179960"]
[Date "2007.3.11"]
[Round "1"]
[White "DaniEu10"]
[Black "shirya00007"]
[Result "0-1"]
[WhiteElo "1636"]
[BlackElo "1760"]

1. e4 e5 2. Nf3 Nc6 3. Bc4 Nd4 4. c3 Nxf3+ 5. Qxf3 Nf6 6. d4 exd4 7. e5 d5 8.
Bb5+ c6 9. cxd4 Qa5+ 10. Nc3 Ne4 11. Bd2 Nxd2 12. Qd3 Ne4 13. Bxc6+ bxc6 14. O-O
Ba6 15. Qf3 Bxf1 16. Nxe4 dxe4 17. Qxe4 Bb5 18. h3 Be7 19. d5 cxd5 20. Qxd5 Rd8
21. Qe4 Qb6 22. Rc1 O-O 0-1

[Event "AUTO-INT-376"]
[Site "http://www.queenalice.com/game.php?id=179973"]
[Date "2007.3.11"]
[Round "1"]
[White "mandarin"]
[Black "DaniEu10"]
[Result "0-1"]
[WhiteElo "1563"]
[BlackElo "1622"]

1. Nf3 d5 2. d4 e6 3. Bf4 Nc6 4. e3 Nf6 5. Bb5 Bd7 6. Nbd2 Be7 7. Ne5 Nxe5 8.
dxe5 Bxb5 9. Nb3 Ne4 10. Nd2 a5 11. a4 Bd3 12. cxd3 Nxd2 13. Kxd2 O-O 14. Ke2 f6
15. Re1 Bb4 16. Rf1 fxe5 17. Bxe5 Qg5 18. Bxc7 Qxg2 19. Rg1 Qxf2# 0-1

[Event "AUTO-INT-376"]
[Site "http://www.queenalice.com/game.php?id=179974"]
[Date "2007.3.11"]
[Round "1"]
[White "DaniEu10"]
[Black "mandarin"]
[Result "1-0"]
[WhiteElo "1696"]
[BlackElo "1530"]

1. e4 Nc6 2. d4 e5 3. Nf3 exd4 4. Nxd4 Bc5 5. Nxc6 bxc6 6. Bc4 Ne7 7. Qf3 d5 8.
exd5 Nxd5 9. O-O O-O 10. Qg3 Bd4 11. Bh6 Kh8 12. Rd1 Bxb2 13. Bxd5 Bxa1 14. Bf3
Qf6 15. Be3 Be5 16. Qg5 Qe6 17. Rd8 Kg8 18. Bc5 Re8 19. Bg4 Bxh2+ 20. Kxh2 Qh6+
21. Qxh6 gxh6 22. Rxe8+ Kg7 23. Bxc8 f6 24. Re7+ Kg6 25. Rxc7 a5 26. Rxc6 h5 27.
Bd4 Kg5 28. Bh3 h6 29. Rxf6 Rd8 30. f4+ Kh4 31. g3# 1-0

[Event "AUTO-INT-376"]
[Site "http://www.queenalice.com/game.php?id=179983"]
[Date "2007.3.11"]
[Round "1"]
[White "DaniEu10"]
[Black "backnine"]
[Result "1-0"]
[WhiteElo "1666"]
[BlackElo "1519"]

1. e4 e5 2. Nf3 Nc6 3. Bc4 g6 4. c3 Nf6 5. Ng5 d5 6. exd5 Ne7 7. d6 Ned5 8. dxc7
Qxc7 9. Bxd5 Nxd5 10. d4 Bg7 11. O-O O-O 12. dxe5 Qxe5 13. Nf3 Qh5 14. c4 Nb6
15. Nc3 Nxc4 16. b3 Bxc3 17. Rb1 Bf5 18. bxc4 Bxb1 19. Ba3 Rfe8 20. Qxb1 b6 21.
Rd1 Re2 22. Qd3 Rxa2 23. Qxc3 Re2 24. Bb2 Qf5 25. Qg7# 1-0

[Event "AUTO-INT-376"]
[Site "http://www.queenalice.com/game.php?id=179984"]
[Date "2007.3.11"]
[Round "1"]
[White "backnine"]
[Black "DaniEu10"]
[Result "0-1"]
[WhiteElo "1573"]
[BlackElo "1684"]

1. e4 c5 2. b3 Nc6 3. Bb2 e5 4. g3 Nf6 5. Nf3 Nxe4 6. Bg2 d5 7. Nxe5 Qe7 8. Bxe4
Nxe5 9. d4 Bg4 10. Qc1 Nf3+ 11. Kd1 Qxe4 12. Qe3 Nxd4+ 13. Kd2 Nf3+ 14. Kc1
Qxe3+ 15. fxe3 Bd6 16. Bxg7 Rg8 17. Bb2 d4 18. exd4 Nxd4 19. Bxd4 cxd4 20. Re1+
Be6 21. Kb2 O-O-O 22. Nd2 Rge8 23. Rad1 Bb4 24. Re5 Bg4 25. Nf3 Rxe5 26. Rxd4
Bxf3 27. Rxb4 Re2 28. h4 Be4 29. Ra4 Rxc2+ 30. Ka3 Bc6 31. Rxa7 Kb8 32. Ra5 Rd5
33. Rxd5 Bxd5 34. g4 h5 35. gxh5 Rh2 36. h6 Rxh4 0-1

[Event "AUTO-ADV-433"]
[Site "http://www.queenalice.com/game.php?id=180580"]
[Date "2007.3.11"]
[Round "1"]
[White "yalokin"]
[Black "DaniEu10"]
[Result "1/2-1/2"]
[WhiteElo "1767"]
[BlackElo "1694"]

1. d4 d5 2. c4 c6 3. g3 Nf6 4. Bg2 Bf5 5. Nf3 e6 6. O-O Be4 7. b3 Be7 8. Nc3 O-O
9. Nxe4 Nxe4 10. Ne5 Nd7 11. Nxd7 Qxd7 12. Bxe4 dxe4 13. Bf4 Rad8 14. e3 Bd6 15.
Bxd6 Qxd6 16. Rc1 e5 17. d5 cxd5 18. cxd5 Qxd5 19. Qxd5 Rxd5 20. Rc7 Rb5 21.
Rfc1 f5 22. Rd1 g5 23. Rdd7 Rf6 24. Rg7+ Kf8 25. Rxh7 Kg8 26. Rhg7+ Kf8 27. Rgd7
Kg8 28. Rd8+ Rf8 29. Rdd7 Rf6 30. Rg7+ Kf8 31. Rxg5 a6 32. Rgg7 f4 33. Rge7 f3
34. Red7 Ke8 35. Rxb7 Rc6 36. h4 Rxb7 37. Rxb7 Rc1+ 38. Kh2 Rc2 39. Kg1 Rxa2 40.
h5 Ra1+ 41. Kh2 Ra2 42. h6 Rxf2+ 43. Kh3 Rf1 44. Kh2 Rf2+ 45. Kh3 Rf1 46. Kh2
Rf2+ 47. Kg1 Rg2+ 48. Kh1 Rxg3 49. h7 Rh3+ 50. Kg1 Kf8 51. b4 Rh6 52. Kf2 Rh2+
53. Kg3 Rh6 54. Kf2 1/2-1/2

[Event "AUTO-ADV-433"]
[Site "http://www.queenalice.com/game.php?id=180581"]
[Date "2007.3.11"]
[Round "1"]
[White "DaniEu10"]
[Black "yalokin"]
[Result "1-0"]
[WhiteElo "1676"]
[BlackElo "1785"]

1. e4 e5 2. Nf3 Nc6 3. Bc4 h6 4. Nc3 Nf6 5. d4 Bb4 6. O-O Bxc3 7. bxc3 Nxe4 8.
Nxe5 Nxe5 9. dxe5 b6 10. Bd5 Nxc3 11. Bxf7+ Ke7 12. Qf3 Rb8 13. Bc4 Na4 14. Qf7#
1-0

[Event "AUTO-ADV-433"]
[Site "http://www.queenalice.com/game.php?id=180592"]
[Date "2007.3.11"]
[Round "1"]
[White "Herivelto"]
[Black "DaniEu10"]
[Result "1-0"]
[WhiteElo "1540"]
[BlackElo "1725"]

1. Nf3 d5 2. c4 c6 3. b3 Nf6 4. Bb2 Bg4 5. e3 Bxf3 6. Qxf3 Nbd7 7. g3 e5 8. Bg2
Bd6 9. O-O O-O 10. d3 a6 11. Nd2 b5 12. Rac1 Qa5 13. Rfd1 h6 14. cxd5 cxd5 15.
Ra1 Bb4 16. Qe2 Rac8 17. a3 Bxd2 18. Rxd2 Qb6 19. Rc2 e4 20. dxe4 dxe4 21. Rac1
Rxc2 22. Rxc2 Re8 23. Bd4 Qe6 24. b4 Nb6 25. Bxb6 Qxb6 26. Qd1 Rd8 27. Qc1 g5
28. Rc6 Rd1+ 29. Qxd1 Qxc6 30. Qd8+ Kg7 31. Qd4 Qc1+ 32. Bf1 Qxa3 33. h3 Kg6 34.
Bg2 Qc1+ 35. Bf1 Qc2 36. Qb6 Qc8 37. Bg2 Qc1+ 38. Bf1 Qc8 39. Bg2 Qc1+ 40. Kh2
Kg7 41. Qxa6 Qc5 42. Bf1 Qxb4 43. Bxb5 Qe1 44. Kg2 Nh5 45. Qb7 Nxg3 46. fxg3
Qd2+ 47. Kh1 Qxe3 48. Bf1 Qe1 49. Qb2+ Kg6 50. Qe2 Qxg3 51. Qxe4+ f5 52. Qe6+
Kh5 53. Be2+ g4 54. Qxf5+ Kh4 55. hxg4 Qh3+ 56. Kg1 Qg3+ 57. Kf1 Qh3+ 58. Ke1
Qc3+ 59. Kd1 Qd4+ 60. Ke1 Qc3+ 61. Kf1 Qa1+ 62. Kg2 Qa8+ 63. Qf3 Qxf3+ 64. Bxf3
Kg5 65. Kg3 Kg6 66. Kh4 Kg7 67. Kh5 Kh7 68. Be4+ Kg7 69. Kh4 Kf6 70. Bd3 Kg7 71.
Kg3 Kf6 72. Kf4 Kg7 73. Kf5 Kh7 74. Kf6+ Kh8 75. Kg6 Kg8 76. Kxh6 Kh8 77. g5 Kg8
78. g6 Kh8 79. g7+ Kg8 80. Bc4# 1-0

[Event "AUTO-ADV-433"]
[Site "http://www.queenalice.com/game.php?id=180593"]
[Date "2007.3.11"]
[Round "1"]
[White "DaniEu10"]
[Black "Herivelto"]
[Result "0-1"]
[WhiteElo "1705"]
[BlackElo "1841"]

1. e4 c5 2. Bc4 Nc6 3. Nc3 Nf6 4. Nf3 g6 5. d3 Bg7 6. Bg5 O-O 7. O-O Nd4 8. Bxf6
Bxf6 9. Nd5 Nxf3+ 10. Qxf3 Bxb2 11. Rae1 e6 12. Nf6+ Bxf6 13. h3 d6 14. Qf4 a6
15. Rc1 Bg5 16. Qf3 Bxc1 17. Rxc1 b5 18. Bb3 Bb7 19. c4 bxc4 20. Rxc4 Rc8 21.
Rc1 Qg5 22. Rd1 Rfd8 23. Bc4 d5 24. Bb3 dxe4 25. dxe4 Rxd1+ 26. Bxd1 Qc1 27. Kh2
Bxe4 28. Qxe4 Qxd1 29. Qb7 Rd8 30. Qxa6 Qd6+ 31. Qxd6 Rxd6 0-1

[Event "AUTO-ADV-433"]
[Site "http://www.queenalice.com/game.php?id=180598"]
[Date "2007.3.11"]
[Round "1"]
[White "javierqz"]
[Black "DaniEu10"]
[Result "1-0"]
[WhiteElo "2016"]
[BlackElo "1687"]

1. e4 e5 2. Nc3 Nf6 3. f4 Nc6 4. Nf3 d6 5. Bc4 Bg4 6. Bb5 Bxf3 7. Qxf3 a6 8.
Bxc6+ bxc6 9. d3 Be7 10. O-O O-O 11. fxe5 dxe5 12. Bg5 h6 13. Be3 Nd7 14. Qg4
Bg5 15. Bxg5 hxg5 16. Rf5 f6 17. Raf1 Rb8 18. b3 Nc5 19. Ne2 a5 20. h4 gxh4 21.
Qxh4 Kf7 22. Rxe5 Rh8 23. Rh5 Rxh5 24. Qxh5+ Ke7 25. Qxc5+ Qd6 26. Qxa5 Rb5 27.
Qd2 Rh5 28. Qf4 Qc5+ 29. d4 Qxc2 30. Qxc7+ Kf8 31. Qd8+ Kf7 32. Qd7+ Kf8 33. Nf4
Rh6 34. Ne6+ 1-0

[Event "AUTO-ADV-433"]
[Site "http://www.queenalice.com/game.php?id=180599"]
[Date "2007.3.11"]
[Round "1"]
[White "DaniEu10"]
[Black "javierqz"]
[Result "1-0"]
[WhiteElo "1636"]
[BlackElo "1990"]

1. e4 d5 2. exd5 Qxd5 3. Nc3 Qd6 4. Nf3 Nf6 5. d4 a6 6. Bg5 Nbd7 7. Bxf6 Nxf6 8.
h3 b5 9. Bd3 Bb7 10. O-O e6 11. Re1 Be7 12. Ne4 Nxe4 13. Bxe4 Bxe4 14. Rxe4 O-O
15. Qe2 Bf6 16. Rd1 c5 17. c3 cxd4 18. Nxd4 Rfd8 19. Re3 e5 20. Qf3 exd4 21.
cxd4 Qd5 22. Re8+ Rxe8 23. Qxd5 1-0

[Event "Challenge"]
[Site "http://www.queenalice.com/game.php?id=239016"]
[Date "2007.7.12"]
[Round "-"]
[White "PedroNRF"]
[Black "DaniEu10"]
[Result "0-1"]
[WhiteElo "1467"]
[BlackElo "1697"]

1. e4 e5 2. Bc4 Nf6 3. Qf3 Bc5 4. a3 d6 5. c3 Bg4 6. Qg3 h5 7. h3 Nxe4 8. Qh2
Bxf2+ 9. Kf1 Bg3 10. hxg4 Bxh2 11. Rxh2 O-O 12. Be2 Qg5 13. Nh3 Qf6+ 14. Ke1
hxg4 15. Bxg4 Qh4+ 16. Kd1 Qxg4+ 17. Kc2 Nc5 18. d3 Qe2+ 19. Nd2 Qxd3+ 20. Kd1
Ne4 21. g4 Nd7 22. Nf2 Nxf2+ 23. Rxf2 e4 24. Ke1 e3 25. Rh2 exd2+ 26. Bxd2 Qg3+
27. Rf2 Rfe8+ 28. Kf1 Ne5 29. Be1 Nf3 30. Rxf3 Qxf3+ 31. Bf2 Re2 32. Kg1 Qxf2+
0-1

[Event "Challenge"]
[Site "http://www.queenalice.com/game.php?id=245144"]
[Date "2007.7.25"]
[Round "-"]
[White "DaniEu10"]
[Black "SmartPatzer"]
[Result "0-1"]
[WhiteElo "1702"]
[BlackElo "1780"]

1. e4 e6 2. Nf3 d5 3. exd5 Qxd5 4. Nc3 Qa5 5. d4 Bb4 6. Bd2 Nf6 7. Nb5 Bxd2+ 8.
Qxd2 Qxd2+ 9. Nxd2 Kd8 10. Bc4 a6 11. Nc3 Nc6 12. Nf3 h6 13. d5 Na5 14. Ne5 Ke7
15. dxe6 Nxc4 16. Nxc4 Bxe6 17. Ne3 Rad8 18. O-O Rhe8 19. Rfe1 Kf8 20. h4 Rd4
21. Rad1 Rxh4 22. g3 Rh5 23. Ng2 g5 24. a3 g4 25. Nf4 Rg5 26. Nxe6+ fxe6 27. b4
h5 28. a4 Kf7 29. Re3 Nd5 30. Nxd5 exd5 31. Rxe8 Kxe8 32. Rd3 c6 33. Kg2 Re5 34.
Rd2 Ke7 35. f3 Ke6 36. fxg4 hxg4 37. Rf2 Rf5 38. Re2+ Re5 39. Rf2 Ke7 40. Rf4
Re2+ 41. Kf1 Rxc2 42. Rxg4 b5 43. axb5 axb5 44. Rf4 Rc4 0-1

[Event "Challenge"]
[Site "http://www.queenalice.com/game.php?id=245145"]
[Date "2007.7.25"]
[Round "-"]
[White "SmartPatzer"]
[Black "DaniEu10"]
[Result "0-1"]
[WhiteElo "1820"]
[BlackElo "1704"]

1. e4 e5 2. Nc3 Nf6 3. g3 Bc5 4. Bg2 Nc6 5. d3 d6 6. Na4 Bxf2+ 7. Kxf2 d5 8. Nc3
Ng4+ 9. Ke1 dxe4 10. Nxe4 f5 11. Nf2 Nxf2 12. Kxf2 O-O 13. Nf3 f4 14. Qe2 fxg3+
15. hxg3 Bf5 16. Be3 Nd4 17. Qd2 Nxf3 18. Bxf3 Bg4 19. Rh4 Rxf3+ 20. Kg2 Qd5 21.
Rxg4 Rxe3+ 22. Kh3 Qf3 23. Re1 Rxe1 24. Qxe1 Re8 25. Qe4 Qf1+ 26. Qg2 Qxg2+ 27.
Kxg2 h5 28. Re4 c5 29. c3 b5 30. d4 cxd4 31. cxd4 Kf7 32. dxe5 Ke6 33. Kf3 Kd5
34. Kf4 g5+ 35. Kf5 Rf8+ 36. Kxg5 Kxe4 37. Kxh5 Rf5+ 38. Kh4 Kxe5 39. g4 Rf2 40.
g5 Kf4 41. Kh5 Kf5 42. Kh6 Rh2+ 43. Kg7 Kxg5 0-1